000 00432nam a22001697a 4500
005 20180227102736.0
008 160618b xxu||||| |||| 00| 0 eng d
020 _a81-7040-144-5
041 _aeng
082 _b8110
_a331
100 _aPunekar, Deodhar and shankaran
_94174
245 _aLabour welfare trade unionism and Industrial relations
260 _bHPH
_c2004
300 _a484
650 _aManagement
_9241
942 _cBK
999 _c3077
_d3076